Short- and long-term effects of Trichoderma harzianum on growth, metal uptake and fruit quality of tomato

Elmentve itt :
Bibliográfiai részletek
Szerzők: Panković Dejana
Racić Gordana
Vukelić Igor
Bojović Mirjana
Jovanović Ljubinko
Testületi szerző: Wellmann International Scientific Conference (18.) (2021)
Dokumentumtípus: Könyv része
Megjelent: University of Szeged Faculty of Agriculture Hódmezővásárhely 2021
Sorozat:Wellmann International Scientific Conference
Kulcsszavak:Növénytermesztés - előadáskivonat, Biotechnológia - előadáskivonat, Paradicsomtermesztés - előadáskivonat, Növényvédelem - előadáskivonat
Tárgyszavak:
Online Access:http://acta.bibl.u-szeged.hu/76173
LEADER 01261naa a2200277 i 4500
001 acta76173
005 20221108134842.0
008 220711s2021 hu o 1|| eng d
020 |a 978-963-306-790-1 
040 |a SZTE Egyetemi Kiadványok Repozitórium  |b hun 
041 |a eng 
100 1 |a Panković Dejana 
245 1 0 |a Short- and long-term effects of Trichoderma harzianum on growth, metal uptake and fruit quality of tomato  |h [elektronikus dokumentum] /  |c  Panković Dejana 
260 |a University of Szeged Faculty of Agriculture  |b Hódmezővásárhely  |c 2021 
300 |a 10 
490 0 |a Wellmann International Scientific Conference 
650 4 |a Mezőgazdaság-tudományok 
650 4 |a Mezőgazdaság, erdészet, halászat 
650 4 |a Mezőgazdasági biotechnológia 
695 |a Növénytermesztés - előadáskivonat, Biotechnológia - előadáskivonat, Paradicsomtermesztés - előadáskivonat, Növényvédelem - előadáskivonat 
700 0 1 |a Racić Gordana  |e aut 
700 0 1 |a Vukelić Igor  |e aut 
700 0 1 |a Bojović Mirjana  |e aut 
700 0 1 |a Jovanović Ljubinko  |e aut 
710 |a Wellmann International Scientific Conference (18.) (2021) 
856 4 0 |u http://acta.bibl.u-szeged.hu/76173/1/wellmann_abstracts_2021_010.pdf  |z Dokumentum-elérés